Statistiques concernant Vocabulaires Russe #3 , Pays

Cliquez ici pour prendre le quiz!

Statistiques générales

  • Ce quiz a été pris 81 fois
  • Le résultat moyen est 13 sur 15

Statistiques - réponses

Nom RusseNom français% Correct
ФранцияFrance
99%
РоссияRussie
99%
Соединенные Штаты АмерикиÉtats Unis
96%
МексикoMéxique
96%
БельгияBelgique
94%
КанадаCanada
93%
ИндияInde
92%
ИранIran
92%
БразилияBrésil
90%
ИспанияEspagne
90%
АвстралияAustralie
88%
ПортугалияPortugal
88%
Саудовская АравияArabie saoudite
82%
ЯпонияJapon
79%
КитайChine
68%

Distribution des résultats

Percentile par nombre de réponses

% des personnes avec chaque résultat

Votre développement - résultats

Vous n’avez pas pris ce quiz